[Event "Belgrade-chT Quality"]
[Site "Belgrade"]
[Date "2018.09.24"]
[Round "7.4"]
[White "Milosevic, Sergej"]
[Black "Grcic, Vukasin"]
[Result "1-0"]
[WhiteElo "2019"]
[BlackElo "2174"]
[PlyCount "87"]
[EventDate "2018.09.17"]
[EventType "team-tourn"]
[EventRounds "11"]
[EventCountry "SRB"]
[SourceTitle "CBM 186 Extra"]
[Source "ChessBase"]
[SourceDate "2018.08.24"]
[SourceVersion "1"]
[SourceVersionDate "2018.08.24"]
[SourceQuality "1"]
[WhiteTeam "Belgrade PTT"]
[BlackTeam "Tadic"]
[WhiteTeamCountry "SRB"]
[BlackTeamCountry "SRB"]

1. e4 c5 2. Nf3 Nc6 3. d4 cxd4 4. Nxd4 e5 5. Nb5 d6 6. c4 Be7 7. Bd3 Nf6 8. 0-0 0-0 9. b3 Ne8 10. N1c3 f5 11. Nd5 Nf6 12. Nbc3 Nxd5 13. Nxd5 Nd4 14. Bb2 fxe4 15. Bxe4 Ne6 16. Qc2 g6 17. Rad1 Nf4 18. Nxf4 Rxf4 19. Bxe5 dxe5 20. Rxd8+ Bxd8 21. Qd3 Bc7 22. Qd5+ Rf7 23. c5 Kg7 24. b4 Rd7 25. Qb3 Rd4 26. f3 Rb8 27. b5 Bd7 28. a4 Kf6 29. Qc2 Be6 30. Rd1 Rxd1+ 31. Qxd1 b6 32. c6 Rd8 33. Qe1 Kg7 34. Bc2 Rd4 35. h4 Bd6 36. g3 Kf6 37. Qc1 Bc5 38. Qg5+ Kf7 39. Kh1 Bd5 40. Be4 Rd1+ 41. Kh2 Be6 42. h5 gxh5 43. Bxh7 Rf1 44. Bg8+ 1-0

[Event "Belgrade-chT Quality"]
[Site "Belgrade"]
[Date "2018.09.21"]
[Round "5.4"]
[White "Milosevic, Sergej"]
[Black "Popovic, Milan S"]
[Result "1-0"]
[WhiteElo "2019"]
[BlackElo "2327"]
[PlyCount "63"]
[EventDate "2018.09.17"]
[EventType "team-tourn"]
[EventRounds "11"]
[EventCountry "SRB"]
[SourceTitle "CBM 186 Extra"]
[Source "ChessBase"]
[SourceDate "2018.08.24"]
[SourceVersion "1"]
[SourceVersionDate "2018.08.24"]
[SourceQuality "1"]
[WhiteTeam "Belgrade PTT"]
[BlackTeam "Partizan"]
[WhiteTeamCountry "SRB"]
[BlackTeamCountry "SRB"]

1. e4 e5 2. Nf3 Nc6 3. Nc3 Nf6 4. g3 Bc5 5. Bg2 d6 6. d3 a6 7. Bg5 h6 8. Bh4 Rg8 9. Bxf6 Qxf6 10. Nd5 Qd8 11. c3 Ba7 12. 0-0 g5 13. Nd2 Rg6 14. b4 Ne7 15. a4 c6 16. Nxe7 Kxe7 17. Kh1 Kf8 18. Nc4 Be6 19. Ne3 Qd7 20. d4 Rd8 21. f4 gxf4 22. gxf4 exf4 23. Rxf4 a5 24. Qh5 Kg7 25. Qxa5 Bb8 26. d5 Rg8 27. dxe6 fxe6 28. Rg4 d5 29. Rf1 b6 30. Qa6 dxe4 31. Bxe4 Qd2 32. Qb7+ 1-0

[Event "Belgrade-chT Premier"]
[Site "Belgrade"]
[Date "2017.09.23"]
[Round "5.5"]
[White "Milosevic, Sergej"]
[Black "Damjanovic, Dragan"]
[Result "0-1"]
[WhiteElo "2040"]
[BlackElo "2251"]
[PlyCount "86"]
[EventDate "2017.09.18"]
[EventType "team"]
[EventRounds "9"]
[EventCountry "SRB"]
[SourceTitle "CBM 180 Extra"]
[Source "ChessBase"]
[SourceDate "2017.10.06"]
[SourceVersion "1"]
[SourceVersionDate "2017.10.06"]
[SourceQuality "1"]
[WhiteTeam "Belgrade PTT"]
[BlackTeam "Belgrade Vodovod"]
[WhiteTeamCountry "SRB"]
[BlackTeamCountry "SRB"]

1. e4 c5 2. Nc3 Nc6 3. g3 g6 4. Bg2 Bg7 5. d3 d6 6. Nh3 Rb8 7. 0-0 b5 8. f4 b4 9. Nd5 e6 10. Ne3 Nd4 11. f5 exf5 12. exf5 Nxf5 13. Nxf5 Bxf5 14. Rxf5 gxf5 15. Bc6+ Kf8 16. Qf3 Ne7 17. Bg5 h6 18. Bh4 Qc7 19. Bxe7+ Qxe7 20. Qxf5 Qf6 21. Qh5 Qe5 22. Qf3 Qf6 23. Nf4 Kg8 24. Rf1 Rf8 25. Kh1 h5 26. Qe2 Rh6 27. Be4 Qe5 28. Nd5 Re6 29. Re1 f5 30. Bf3 Qxe2 31. Rxe2 Rxe2 32. Bxe2 h4 33. Bh5 Bxb2 34. gxh4 Kg7 35. Bf3 Re8 36. Kg2 Re1 37. h5 Rc1 38. Ne3 Kf6 39. Bd5 Bd4 40. Kf3 Bxe3 41. Kxe3 Rxc2 42. h4 Rh2 43. Bf3 Rxh4 0-1